000 00678nam a2200229 i 4500
001 124550
003 ES-MaACL
005 20250813062626.0
007 t|
008 070329s1930 sp ||||1| spa d
080 _a111(02)
100 1 _aDriesch, Hans.
_945639
245 1 0 _aMetafísica /
_cHans Driesch ; traducción del alemán por Moisés Sánchez Barrado.
260 _aBarcelona :
_bLabor,
_c[1930]
300 _a133 p. ;
_c17 cm.
490 1 _aColección Labor ;
_v257
650 7 _aMetafísica
_2embne
_915012
700 1 _aSánchez Barrado, Moisés.
_9102481
830 0 0 _aColección Labor
_v257
_9184254
852 _aES-MaACL
_jE-2758
999 _c124550
_d124550